ARRUPE JESUIT UNIVERSITY

CORONAVIRUS -STOP THE SPREAD - CLEAN,DISINFECT,COVER
Normal view MARC view

Entry Personal Name

Number of records used in: 1

001 - CONTROL NUMBER

  • control field: 10096

003 - CONTROL NUMBER IDENTIFIER

  • control field: ARRUPE

005 - DATE AND TIME OF LATEST TRANSACTION

  • control field: 20140506112851.0

008 - FIXED-LENGTH DATA ELEMENTS

  • fixed length control field: 140506|| aca||aabn | a|a d

040 ## - CATALOGING SOURCE

  • Original cataloging agency: ARRUPE
  • Transcribing agency: ARRUPE

100 ## - HEADING--PERSONAL NAME

  • Personal name: Ferguson, Mary Nisbet,
  • Dates associated with a name: 1777-1855.

670 ## - SOURCE DATA FOUND

  • Source citation: Work cat.: (ARRUPE)0: Ferguson, Mary Nisbet, 1777-1855., The letters of Mary Nisbet of Dirleton, Countess of Elgin,, 1926.

 

Arrupe Library. PO Box MP320 Mt Pleasant, Harare, Zimbabwe
263 242 745411|librarian@aju.ac.zw